<?xml version="1.0" encoding="UTF-8"?><?xml-stylesheet type="text/xsl" href="static/style.xsl"?><OAI-PMH xmlns="http://www.openarchives.org/OAI/2.0/" xmlns:xsi="http://www.w3.org/2001/XMLSchema-instance" xsi:schemaLocation="http://www.openarchives.org/OAI/2.0/ http://www.openarchives.org/OAI/2.0/OAI-PMH.xsd"><responseDate>2026-04-17T11:55:20Z</responseDate><request verb="GetRecord" identifier="oai:www.recercat.cat:2117/21806" metadataPrefix="marc">https://recercat.cat/oai/request</request><GetRecord><record><header><identifier>oai:recercat.cat:2117/21806</identifier><datestamp>2025-07-17T08:09:30Z</datestamp><setSpec>com_2072_1033</setSpec><setSpec>col_2072_452950</setSpec></header><metadata><record xmlns="http://www.loc.gov/MARC21/slim" xmlns:dcterms="http://purl.org/dc/terms/" xmlns:xsi="http://www.w3.org/2001/XMLSchema-instance" xmlns:doc="http://www.lyncode.com/xoai" xsi:schemaLocation="http://www.loc.gov/MARC21/slim http://www.loc.gov/standards/marcxml/schema/MARC21slim.xsd">
   <leader>00925njm 22002777a 4500</leader>
   <datafield ind2=" " ind1=" " tag="042">
      <subfield code="a">dc</subfield>
   </datafield>
   <datafield ind2=" " ind1=" " tag="720">
      <subfield code="a">Lian, Yijun</subfield>
      <subfield code="e">author</subfield>
   </datafield>
   <datafield ind2=" " ind1=" " tag="720">
      <subfield code="a">Gómez Muntané, Gerard</subfield>
      <subfield code="e">author</subfield>
   </datafield>
   <datafield ind2=" " ind1=" " tag="720">
      <subfield code="a">Masdemont Soler, Josep</subfield>
      <subfield code="e">author</subfield>
   </datafield>
   <datafield ind2=" " ind1=" " tag="720">
      <subfield code="a">Tang, Guojian</subfield>
      <subfield code="e">author</subfield>
   </datafield>
   <datafield ind2=" " ind1=" " tag="260">
      <subfield code="c">2013</subfield>
   </datafield>
   <datafield ind2=" " ind1=" " tag="520">
      <subfield code="a">This paper studies the dynamics of a massless particle around the&#xd;
libration points of the Earth&#xd;
-&#xd;
Moon system in a&#xd;
full Solar System gravitational&#xd;
model. The study is based on the analysis of the quasi&#xd;
-&#xd;
periodic solutions around the&#xd;
equilibrium points. For the analysis and computation of the quasi&#xd;
-&#xd;
periodic orbits, a novel iterative algorithm is&#xd;
introduced which is&#xd;
a combination of&#xd;
the&#xd;
multiple shooti&#xd;
ng method&#xd;
and&#xd;
a refined Fourier analysis of the orbits&#xd;
computed with the multiple shooting. Using as initial seeds the libration point orbits of Circular Restricted Three&#xd;
Body Problem, determined by Lindstedt&#xd;
-&#xd;
Poincar&#xd;
é&#xd;
methods, the procedure is able to refi&#xd;
ne them in a complete Solar&#xd;
System model for large time&#xd;
-&#xd;
spans covering most of the relevant Sun&#xd;
-&#xd;
Earth&#xd;
-&#xd;
Moon periods. For the collinear points,&#xd;
the developed approach works well and reveals the strong relevance of the phase space around the equilibrium point&#xd;
s&#xd;
in both models. For the triangular points, difficulties appear and an intermediate model (bicircular model, BCM) is&#xd;
introduced to aid the refinement.</subfield>
   </datafield>
   <datafield ind2=" " ind1=" " tag="520">
      <subfield code="a">Postprint (published version)</subfield>
   </datafield>
   <datafield tag="653" ind2=" " ind1=" ">
      <subfield code="a">Àrees temàtiques de la UPC::Matemàtiques i estadística</subfield>
   </datafield>
   <datafield tag="653" ind2=" " ind1=" ">
      <subfield code="a">Celestial mechanics</subfield>
   </datafield>
   <datafield tag="653" ind2=" " ind1=" ">
      <subfield code="a">Solar system</subfield>
   </datafield>
   <datafield tag="653" ind2=" " ind1=" ">
      <subfield code="a">Mecànica celest</subfield>
   </datafield>
   <datafield tag="653" ind2=" " ind1=" ">
      <subfield code="a">Sistema solar</subfield>
   </datafield>
   <datafield ind2="0" ind1="0" tag="245">
      <subfield code="a">A note on the dynamics around the Lagrange points of the Earth-Moon system in a complete Solar System model</subfield>
   </datafield>
</record></metadata></record></GetRecord></OAI-PMH>